[Event "17MCR_PFB"]
[Site "?"]
[Date "2003.??.??"]
[Round "?"]
[White "Dundalek, Josef"]
[Black "Soudny, Jiri"]
[Result "1-0"]
[WhiteElo "2200"]
[BlackElo "2240"]
[PlyCount "63"]
[EventDate "2003.??.??"]
[EventType "corr"]
[EventRounds "1"]
[SourceDate "2005.10.25"]

1. d4 Nf6 2. c4 c5 3. d5 e6 4. Nc3 exd5 5. cxd5 d6 6. e4 g6 7. f4 Bg7 8. Bb5+
Nfd7 9. a4 O-O 10. Nf3 Na6 11. O-O Nc7 12. Bd3 a6 13. Kh1 Rb8 14. f5 b5 15.
axb5 Nxb5 16. Bg5 Bf6 17. Nxb5 axb5 18. Qd2 gxf5 19. Qf4 c4 20. Bc2 Ne5 21. Qg3
Bxg5 22. Nxg5 Ng4 23. h4 f6 24. Ne6 Bxe6 25. dxe6 Kh8 26. Rxf5 Rg8 27. Ra7 Ra8
28. Rxh7+ Kxh7 29. Rh5+ Kg7 30. Qxg4+ Kf8 31. Qf5 Ra7 32. Bd1 1-0

[Event "17MCR_PFB"]
[Site "?"]
[Date "2003.??.??"]
[Round "?"]
[White "Chvojka, Jaroslav"]
[Black "Jerabek, Zdenek"]
[Result "0-1"]
[WhiteElo "2175"]
[BlackElo "2255"]
[PlyCount "162"]
[EventDate "2003.??.??"]
[EventType "corr"]
[EventRounds "1"]
[SourceDate "2005.10.25"]

1. d4 Nf6 2. Bg5 Ne4 3. Bf4 c5 4. f3 Qa5+ 5. c3 Nf6 6. Nd2 cxd4 7. Nb3 Qd8 8.
cxd4 e6 9. e4 d5 10. e5 Nfd7 11. Rc1 Nc6 12. Bb5 Qb6 13. Bxc6 bxc6 14. Qc2 Bb7
15. Ne2 Rc8 16. O-O Ba6 17. Rfd1 Bc4 18. Na1 c5 19. b3 Ba6 20. Qd2 c4 21. bxc4
Rxc4 22. Nc2 Rc8 23. Rb1 Qc7 24. Rdc1 Qd8 25. Bg5 Be7 26. Bxe7 Qxe7 27. Nf4 Nb6
28. Nb4 Bc4 29. Nbd3 O-O 30. Nc5 Nd7 31. Rb7 Rxc5 32. dxc5 Qxc5+ 33. Qf2 Qxf2+
34. Kxf2 Nxe5 35. Re1 Nc6 36. Rc7 Nb4 37. Rb1 a5 38. a3 Nc2 39. Rbb7 Nd4 40.
Re7 Ba6 41. Ra7 Bc4 42. Red7 a4 43. Ke3 Nc2+ 44. Kf2 Nd4 45. Ke3 Nc2+ 46. Kd2
Nd4 47. h4 g6 48. Nh3 h6 49. Rdb7 Kg7 50. Rb6 e5 51. Rxa4 Rc8 52. Rb1 Nf5 53.
Nf2 h5 54. Nd3 f6 55. Rh1 Bb3 56. Ra7+ Kh6 57. Nb4 e4 58. fxe4 dxe4 59. Rh3
Rd8+ 60. Ke1 e3 61. Ra5 Rd1+ 62. Ke2 Rd2+ 63. Ke1 Rxg2 64. Rxf5 gxf5 65. Rxe3
Bc4 66. Rf3 Re2+ 67. Kf1 Rh2+ 68. Kg1 Rxh4 69. Rxf5 Kg6 70. Rc5 Re4 71. Nc6 Be2
72. Nb4 f5 73. Kf2 Kg5 74. Rc8 Bg4 75. Nd5 Re2+ 76. Kg1 Rd2 77. Ne3 f4 78. Rc5+
Kh4 79. Nf1 Ra2 80. Rc4 f3 81. a4 Kh3 0-1

[Event "17MCR_PFB"]
[Site "?"]
[Date "2003.??.??"]
[Round "?"]
[White "Trcka, Vaclav"]
[Black "Bares, Jiri"]
[Result "1/2-1/2"]
[WhiteElo "2125"]
[BlackElo "2255"]
[PlyCount "53"]
[EventDate "2003.??.??"]
[EventType "corr"]
[EventRounds "1"]
[SourceDate "2005.10.25"]

1. d4 d5 2. c4 e6 3. Nc3 Nf6 4. Nf3 c6 5. e3 Nbd7 6. Bd3 dxc4 7. Bxc4 b5 8. Bd3
Bb7 9. O-O a6 10. e4 c5 11. d5 c4 12. Bc2 Bc5 13. dxe6 fxe6 14. Qe2 Qc7 15. e5
Nd5 16. a4 Nxc3 17. bxc3 O-O 18. Ng5 g6 19. Rb1 Nxe5 20. axb5 axb5 21. Rxb5 Ra1
22. Nxe6 Bxf2+ 23. Kh1 Qc6 24. Rxb7 Qxe6 25. Rb1 Rxb1 26. Bxb1 Bc5 27. Rxf8+
1/2-1/2

[Event "17MCR_PFB"]
[Site "?"]
[Date "2003.??.??"]
[Round "?"]
[White "Vaindl, Jaroslav"]
[Black "Nejtek, Jiri"]
[Result "1/2-1/2"]
[WhiteElo "2325"]
[BlackElo "2265"]
[PlyCount "37"]
[EventDate "2003.??.??"]
[EventType "corr"]
[EventRounds "1"]
[SourceDate "2005.10.25"]

1. e4 e5 2. Nf3 Nf6 3. d4 Nxe4 4. Bd3 d5 5. Nxe5 Nd7 6. Nxd7 Bxd7 7. O-O Bd6 8.
Nc3 Nxc3 9. bxc3 O-O 10. Qh5 f5 11. Rb1 b6 12. c4 Qf6 13. Bb2 Be8 14. Qf3 dxc4
15. Bxc4+ Bf7 16. Bxf7+ Qxf7 17. d5 Rae8 18. Rfe1 Qg6 19. Bd4 1/2-1/2

[Event "17MCR_PFB"]
[Site "?"]
[Date "2003.??.??"]
[Round "?"]
[White "Lounek, Jan"]
[Black "Svajdler, Frantisek"]
[Result "1-0"]
[WhiteElo "2320"]
[BlackElo "2280"]
[PlyCount "61"]
[EventDate "2003.??.??"]
[EventType "corr"]
[EventRounds "1"]
[SourceDate "2005.10.25"]

1. e4 e5 2. Nf3 Nc6 3. Bb5 a6 4. Ba4 Nf6 5. O-O Nxe4 6. d4 b5 7. Bb3 d5 8. dxe5
Be6 9. Nbd2 Nc5 10. c3 Be7 11. Bc2 Bg4 12. Re1 Qd7 13. Nf1 Rd8 14. Ne3 Bh5 15.
b4 Ne6 16. Nf5 O-O 17. a4 Rfe8 18. axb5 axb5 19. Qd3 Bg6 20. Qxb5 Nxe5 21. Qxd7
Nxd7 22. Nxe7+ Rxe7 23. Bxg6 hxg6 24. Nd4 Ree8 25. Nxe6 Rxe6 26. Rxe6 fxe6 27.
Ra7 Rc8 28. Be3 Kf7 29. f3 Ke7 30. Kf2 Ne5 31. h4 1-0

[Event "17MCR_PFB"]
[Site "?"]
[Date "2003.??.??"]
[Round "?"]
[White "Nejtek, Jiri"]
[Black "Lounek, Jan"]
[Result "1/2-1/2"]
[WhiteElo "2265"]
[BlackElo "2320"]
[PlyCount "94"]
[EventDate "2003.??.??"]
[EventType "corr"]
[EventRounds "1"]
[SourceDate "2005.10.25"]

1. e4 c5 2. Nf3 d6 3. d4 cxd4 4. Nxd4 Nf6 5. Nc3 a6 6. Be3 e5 7. Nb3 Be7 8. Qd2
Be6 9. f3 O-O 10. O-O-O b5 11. g4 Nbd7 12. g5 b4 13. Ne2 Ne8 14. h4 a5 15. Kb1
a4 16. Nbc1 Nb6 17. Ng3 d5 18. Bxb6 Qxb6 19. exd5 Rd8 20. Bc4 Nc7 21. dxe6 Rxd2
22. exf7+ Kh8 23. Rxd2 Qc6 24. b3 axb3 25. axb3 Nb5 26. Bxb5 Qxb5 27. Rhd1 Rxf7
28. Rd7 Kg8 29. Nf5 Bf8 30. Rxf7 Kxf7 31. Nd3 Ke6 32. Ng3 Qb7 33. Ne4 Qf7 34.
f4 Qh5 35. f5+ Ke7 36. Rh1 Qg4 37. f6+ Ke8 38. Nef2 Qd4 39. Re1 Qxh4 40. Re4
Qg3 41. Nxe5 gxf6 42. gxf6 Bd6 43. Nc4+ Kf7 44. Nxd6+ Qxd6 45. Re7+ Kg6 46.
Rg7+ Kh6 47. Re7 Qf4 1/2-1/2

[Event "17MCR_PFB"]
[Site "?"]
[Date "2003.??.??"]
[Round "?"]
[White "Bares, Jiri"]
[Black "Vaindl, Jaroslav"]
[Result "1/2-1/2"]
[WhiteElo "2255"]
[BlackElo "2325"]
[PlyCount "84"]
[EventDate "2003.??.??"]
[EventType "corr"]
[EventRounds "1"]
[SourceDate "2005.10.25"]

1. d4 Nf6 2. c4 g6 3. Nc3 Bg7 4. e4 O-O 5. f3 d6 6. Be3 Nc6 7. Qd2 a6 8. Nge2
Rb8 9. Nc1 e5 10. d5 Nd4 11. N1e2 c5 12. dxc6 bxc6 13. Nxd4 exd4 14. Bxd4 Re8
15. Be2 d5 16. cxd5 cxd5 17. exd5 Rb4 18. O-O Ne4 19. fxe4 Bxd4+ 20. Kh1 Be5
21. h3 Qh4 22. Rf3 Bg4 23. Rd3 Bxe2 24. Qxe2 Qf4 25. g3 Qh6 26. Qg2 Reb8 27.
Nd1 Bxb2 28. Rb1 Be5 29. Rxb4 Rxb4 30. d6 Rb8 31. Rd5 Qg5 32. d7 Rd8 33. Nf2
Qc1+ 34. Kh2 Qc7 35. Ng4 Bg7 36. e5 h5 37. Nf6+ Bxf6 38. exf6 h4 39. Rd4 hxg3+
40. Qxg3 Rxd7 41. Qxc7 Rxc7 42. a4 Rc6 1/2-1/2

[Event "17MCR_PFB"]
[Site "?"]
[Date "2003.??.??"]
[Round "?"]
[White "Jerabek, Zdenek"]
[Black "Trcka, Vaclav"]
[Result "1-0"]
[WhiteElo "2255"]
[BlackElo "2125"]
[PlyCount "59"]
[EventDate "2003.??.??"]
[EventType "corr"]
[EventRounds "1"]
[SourceDate "2005.10.25"]

1. e4 c5 2. Nf3 Nc6 3. d4 cxd4 4. Nxd4 Nf6 5. Nc3 e5 6. Ndb5 d6 7. Bg5 a6 8.
Na3 b5 9. Bxf6 gxf6 10. Nd5 f5 11. c3 Bg7 12. exf5 Bxf5 13. Nc2 O-O 14. Nce3
Be6 15. Bd3 f5 16. Qh5 e4 17. Bc2 Ne7 18. Rd1 Ng6 19. g4 Nh4 20. gxf5 Bxd5 21.
Rxd5 Qe7 22. Ke2 Kh8 23. Rg1 Nf3 24. Rg4 Ne5 25. Rxe4 Qc7 26. Rd1 Ra7 27. Nd5
Qd8 28. Nf4 Qf6 29. Red4 Rd7 30. Kf1 1-0

[Event "17MCR_PFB"]
[Site "?"]
[Date "2003.??.??"]
[Round "?"]
[White "Hladecek, Miloslav"]
[Black "Chvojka, Jaroslav"]
[Result "1/2-1/2"]
[WhiteElo "2240"]
[BlackElo "2175"]
[PlyCount "164"]
[EventDate "2003.??.??"]
[EventType "corr"]
[EventRounds "1"]
[SourceDate "2005.10.25"]

1. e4 e5 2. Nf3 Nc6 3. Bb5 a6 4. Ba4 Nf6 5. O-O Be7 6. d4 exd4 7. Re1 b5 8. Bb3
d6 9. Bd5 Nxd5 10. exd5 Ne5 11. Nxd4 O-O 12. a4 Bd7 13. Bf4 Ng6 14. Be3 bxa4
15. Nc3 Qb8 16. Nxa4 Bf6 17. b3 Re8 18. Nc3 Qb4 19. Qd2 a5 20. Nce2 Qxd2 21.
Bxd2 a4 22. bxa4 Ne7 23. a5 c5 24. dxc6 Nxc6 25. Be3 Nxa5 26. Nf4 Nc4 27. Nd5
Be5 28. c3 Nxe3 29. fxe3 h6 30. Nb6 Rxa1 31. Rxa1 Bg4 32. Ra6 Kh7 33. c4 Re7
34. Nc6 Re8 35. Kf2 Bxh2 36. g3 h5 37. Ra3 h4 38. gxh4 Kh6 39. Ra5 Re4 40. Kg2
Be5 41. Nxe5 dxe5 42. Kf2 Be6 43. Kf3 Rxh4 44. Rxe5 Bxc4 45. Nxc4 Rxc4 46. Rf5
Rc1 47. Kf2 f6 48. e4 Rc6 49. Rd5 Rc4 50. Ke3 g5 51. Rd6 Kg7 52. Rd7+ Kg6 53.
Rd6 Rc5 54. Kd4 Ra5 55. Ke3 Kf7 56. Rc6 Ra3+ 57. Kf2 g4 58. Rc7+ Kg6 59. Rc5
Rf3+ 60. Ke2 Rf4 61. Ke3 Rf1 62. Ke2 Rf3 63. Rd5 Rf4 64. Ke3 Rf1 65. Ke2 Rf4
66. Ke3 Rf1 67. Ke2 Rf3 68. Rb5 Rc3 69. Rf5 g3 70. Kf1 Re3 71. Rf4 Kf7 72. Kg2
Ke6 73. Kh3 Rd3 74. Rf5 Rb3 75. Kg2 Rd3 76. Rf4 Re3 77. Kh3 Ra3 78. Kg2 Rd3 79.
Rf5 Re3 80. Rf4 Ra3 81. Rf5 Rc3 82. Rf4 Re3 1/2-1/2

[Event "17MCR_PFB"]
[Site "?"]
[Date "2003.??.??"]
[Round "?"]
[White "Soudny, Jiri"]
[Black "Valenta, Josef"]
[Result "1-0"]
[WhiteElo "2240"]
[BlackElo "2185"]
[PlyCount "51"]
[EventDate "2003.??.??"]
[EventType "corr"]
[EventRounds "1"]
[SourceDate "2005.10.25"]

1. e4 g6 2. d4 Bg7 3. Nc3 d6 4. f4 c6 5. Nf3 Bg4 6. Be3 Qb6 7. Qd2 Bxf3 8. gxf3
Nd7 9. O-O-O Qa5 10. Kb1 b5 11. h4 Ngf6 12. e5 Nh5 13. Qe1 Kf8 14. Bd2 Qc7 15.
Ne4 Nb6 16. Ng3 Nxg3 17. Qxg3 Nd5 18. h5 Rg8 19. hxg6 hxg6 20. Bd3 Qb6 21. Bc1
e6 22. Be4 Rd8 23. f5 exf5 24. Bg5 Rd7 25. Bxd5 cxd5 26. Rh7 1-0

[Event "17MCR_PFB"]
[Site "?"]
[Date "2003.??.??"]
[Round "?"]
[White "Doudera, Lubomir"]
[Black "Dundalek, Josef"]
[Result "1-0"]
[WhiteElo "2235"]
[BlackElo "2200"]
[PlyCount "95"]
[EventDate "2003.??.??"]
[EventType "corr"]
[EventRounds "1"]
[SourceDate "2005.10.25"]

1. e4 c5 2. c3 d6 3. d4 Nf6 4. Bd3 Nc6 5. Nf3 e6 6. O-O Be7 7. dxc5 dxc5 8. e5
Nd5 9. Na3 O-O 10. Qc2 h6 11. Qe2 f5 12. exf6 Rxf6 13. Nc4 Qc7 14. Qe4 Rf5 15.
h3 b5 16. Na3 b4 17. cxb4 Ncxb4 18. Bb1 Rb8 19. g4 Nf6 20. Qe2 Rd5 21. Re1 Nc6
22. Nb5 Qb7 23. Nc3 Rd8 24. Ne4 g5 25. b3 Nd4 26. Nxd4 cxd4 27. h4 e5 28. hxg5
hxg5 29. f3 Nxe4 30. Bxe4 Qb6 31. Qh2 Qf6 32. Bd3 Bd6 33. Qh7+ Kf8 34. Bc4 Be6
35. Bxg5 Qxg5 36. Bxe6 Qg7 37. Qf5+ Ke7 38. Bd5 Rb6 39. Rac1 Bb8 40. Rc5 Rh6
41. Bc4 Rf8 42. Qe4 Rd8 43. Rb5 Rb6 44. Rxb6 axb6 45. Kg2 Rh8 46. Qb7+ Kf6 47.
Qxb6+ Kg5 48. Qb5 1-0

[Event "17MCR_PFB"]
[Site "?"]
[Date "2003.??.??"]
[Round "?"]
[White "Kubelka, Martin"]
[Black "Pecina, Pavel"]
[Result "0-1"]
[WhiteElo "2225"]
[BlackElo "2210"]
[PlyCount "115"]
[EventDate "2003.??.??"]
[EventType "corr"]
[EventRounds "1"]
[SourceDate "2005.10.25"]

1. d4 d5 2. c4 e6 3. Nc3 c6 4. Nf3 dxc4 5. a4 Bb4 6. e3 b5 7. Bd2 a5 8. axb5
Bxc3 9. Bxc3 cxb5 10. b3 Bb7 11. bxc4 b4 12. Bb2 Nf6 13. Bd3 Nbd7 14. O-O O-O
15. Re1 Ne4 16. Bxe4 Bxe4 17. Nd2 Bg6 18. c5 a4 19. Rxa4 Rxa4 20. Qxa4 Nxc5 21.
dxc5 Qxd2 22. Qa1 f6 23. Rd1 Qc2 24. Rc1 Qe2 25. Re1 Qb5 26. Qa7 e5 27. Rc1 Qe2
28. Qa2+ Bf7 29. Qb1 Rd8 30. Re1 Qb5 31. Rc1 Bg6 32. e4 Qe2 33. Re1 Bxe4 34.
Qc1 Qd2 35. f3 Bc6 36. Qc4+ Kf8 37. Qc1 Rd5 38. h3 Ke7 39. Qa1 Kf7 40. Kh1 Qf2
41. Rf1 Qxc5 42. Qa2 Bd7 43. Rc1 Qd6 44. Re1 Kf8 45. Qa8+ Be8 46. Bc1 Rd1 47.
Qe4 Bg6 48. Qe3 b3 49. Rxd1 Qxd1+ 50. Kh2 h5 51. Qc5+ Kg8 52. Bb2 Bf7 53. Qc1
Qe2 54. Bc3 g5 55. Qb2 Qd3 56. Qc1 h4 57. Bb4 Bc4 58. Ba3 0-1

[Event "17MCR_PFB"]
[Site "?"]
[Date "2003.??.??"]
[Round "?"]
[White "Novotny, Petr"]
[Black "Jirk, Ales"]
[Result "0-1"]
[WhiteElo "2220"]
[BlackElo "2210"]
[PlyCount "60"]
[EventDate "2003.??.??"]
[EventType "corr"]
[EventRounds "1"]
[SourceDate "2005.10.25"]

1. e4 e6 2. d4 d5 3. Nd2 Nf6 4. Ngf3 dxe4 5. Ng5 Qxd4 6. Ndxe4 Qxd1+ 7. Kxd1
Nbd7 8. Nxf6+ Nxf6 9. Bb5+ c6 10. Bd3 Bc5 11. Ke2 O-O 12. Re1 h6 13. Ne4 Nxe4
14. Bxe4 e5 15. Be3 Bxe3 16. Kxe3 Be6 17. Rad1 f5 18. Bd3 Kf7 19. f3 Kf6 20.
Rd2 Rad8 21. Rde2 Rfe8 22. a3 c5 23. b3 Re7 24. Rd2 g5 25. Red1 h5 26. Bb5 Rd4
27. Be2 a5 28. Bb5 g4 29. Kf2 Kg5 30. Rd3 gxf3 0-1

[Event "17MCR_PFB"]
[Site "?"]
[Date "2003.??.??"]
[Round "?"]
[White "Pecina, Pavel"]
[Black "Novotny, Petr"]
[Result "1/2-1/2"]
[WhiteElo "2210"]
[BlackElo "2220"]
[PlyCount "96"]
[EventDate "2003.??.??"]
[EventType "corr"]
[EventRounds "1"]
[SourceDate "2005.10.25"]

1. e4 e5 2. Nf3 Nc6 3. d4 exd4 4. Nxd4 Bc5 5. Nxc6 Qf6 6. Qd2 dxc6 7. Nc3 Be6
8. Na4 Bd6 9. Qe3 Qh4 10. g3 Qh5 11. f4 Qa5+ 12. Nc3 Bg4 13. Bd3 Bc5 14. Qd2
O-O-O 15. h3 Be6 16. Qe2 Bd4 17. Bd2 Qb4 18. f5 Bd7 19. O-O-O Nf6 20. g4 Rhe8
21. a3 Qf8 22. Qf3 h6 23. Rhe1 c5 24. h4 Bc6 25. Nb5 Kb8 26. Nxd4 Rxd4 27. Bc3
Ra4 28. Bxf6 gxf6 29. c3 b5 30. Kb1 Ra6 31. Qf4 Rb6 32. Ka2 Bb7 33. Bc2 Rd6 34.
Rxd6 cxd6 35. Rd1 Kc7 36. b3 Bc6 37. Qe3 a6 38. c4 Rb8 39. b4 Re8 40. Qd2 Re5
41. bxc5 Rxc5 42. Qa5+ Kb7 43. Bd3 Qe7 44. cxb5 axb5 45. Rb1 Qe5 46. Qb4 Qg3
47. Rb3 Qxh4 48. a4 Qf2+ 1/2-1/2

[Event "17MCR_PFB"]
[Site "?"]
[Date "2003.??.??"]
[Round "?"]
[White "Dundalek, Josef"]
[Black "Kubelka, Martin"]
[Result "1/2-1/2"]
[WhiteElo "2200"]
[BlackElo "2225"]
[PlyCount "82"]
[EventDate "2003.??.??"]
[EventType "corr"]
[EventRounds "1"]
[SourceDate "2005.10.25"]

1. e4 c5 2. Nf3 d6 3. d4 cxd4 4. Nxd4 Nf6 5. Nc3 a6 6. Be3 e6 7. Qd2 b5 8. f3
Nbd7 9. g4 Nb6 10. Qf2 Nfd7 11. f4 Qc7 12. a3 Be7 13. f5 Nc5 14. O-O-O e5 15.
Nde2 Bb7 16. Ng3 Nba4 17. Nxa4 bxa4 18. Bg2 Bh4 19. Bxc5 dxc5 20. Qd2 Rd8 21.
Qe3 Rd4 22. Kb1 Qd8 23. Qe2 O-O 24. c3 Rxd1+ 25. Rxd1 Qb6 26. Nf1 Bg5 27. Nd2
Bc6 28. Nc4 Qc7 29. Qe1 Bf4 30. h4 f6 31. Qe2 Bb5 32. Qd3 Qf7 33. Bf1 Re8 34.
Ka1 Rf8 35. Be2 Rc8 36. Qd6 h6 37. Rd5 Kh7 38. g5 hxg5 39. hxg5 fxg5 40. Rxc5
Rxc5 41. Qxc5 Qg8 1/2-1/2

[Event "17MCR_PFB"]
[Site "?"]
[Date "2003.??.??"]
[Round "?"]
[White "Valenta, Josef"]
[Black "Doudera, Lubomir"]
[Result "1/2-1/2"]
[WhiteElo "2185"]
[BlackElo "2235"]
[PlyCount "222"]
[EventDate "2003.??.??"]
[EventType "corr"]
[EventRounds "1"]
[SourceDate "2005.10.25"]

1. d4 d5 2. c4 c6 3. cxd5 cxd5 4. Nc3 Nf6 5. Nf3 Nc6 6. Bf4 Ne4 7. e3 Nxc3 8.
bxc3 g6 9. Be2 Bg7 10. O-O O-O 11. c4 dxc4 12. Bxc4 Bf5 13. Rc1 Rc8 14. Qe2 e6
15. Rfd1 Qe7 16. d5 exd5 17. Bxd5 Rfd8 18. Bg5 Bf6 19. Bxf6 Qxf6 20. h3 Rd7 21.
e4 Be6 22. Rc2 Rcd8 23. Rcd2 Bxd5 24. Rxd5 Rxd5 25. exd5 Ne7 26. Qb5 b6 27. Nh2
h5 28. Nf1 Nf5 29. Qa6 Nd6 30. Ne3 Ne4 31. Qe2 b5 32. Qc2 Nc3 33. Rd2 b4 34.
Qb2 Qf4 35. a3 a5 36. axb4 axb4 37. Rd3 h4 38. Rd2 Rd7 39. Qa1 Kh7 40. Qe1 Kg7
41. Qf1 Rd6 42. Qa1 Qe5 43. Kh1 Qf6 44. Qe1 Rd7 45. Rd3 Qe5 46. Qa1 Qe4 47. Qf1
Qf4 48. Qe1 Rd6 49. Qf1 Kh7 50. Qe1 Qe5 51. Qc1 Ra6 52. Qf1 Ne4 53. Kg1 Ra2 54.
Ng4 Qd6 55. Qe1 f5 56. Qb1 Ra4 57. Ne3 Nc3 58. Qe1 Ra2 59. Nc4 Qc5 60. Nd2 Nxd5
61. Nf3 Rc2 62. Rxd5 Qxd5 63. Qe7+ Kg8 64. Ne5 Rc8 65. Qf6 Ra8 66. Qxg6+ Kf8
67. Qf6+ Ke8 68. Nc6 Qe4 69. Nxb4 Ra5 70. Qh8+ Kd7 71. Qg7+ Kd8 72. Qf6+ Kc7
73. Qc3+ Kb6 74. Nc2 Rc5 75. Qb2+ Kc7 76. Ne3 Qe5 77. Qa3 Ra5 78. Qc1+ Kd7 79.
Qd2+ Ke8 80. Nf1 Ra1 81. Qg5 Re1 82. Qh5+ Kf8 83. Qh6+ Kf7 84. Qxh4 Qb5 85.
Qh7+ Kf6 86. Qh6+ Ke5 87. Qh8+ Kd5 88. Qa8+ Kd4 89. Qa7+ Kc3 90. Qa3+ Kc4 91.
g3 Kd5 92. Qa8+ Kd4 93. Qa7+ Kc3 94. Qa3+ Kc4 95. Qf3 Kb4 96. Qf4+ Kb3 97. Qf3+
Kb2 98. Qg2 Kc1 99. h4 Rd1 100. Qh3 Qd3 101. h5 f4 102. Qg2 Qb5 103. g4 f3 104.
Qh3 Kc2 105. h6 Qc4 106. g5 Rxf1+ 107. Qxf1 Qg4+ 108. Kh2 Qh4+ 109. Qh3 Qxf2+
110. Kh1 Qe1+ 111. Kh2 Qf2+ 1/2-1/2

[Event "17MCR_PFB"]
[Site "?"]
[Date "2003.??.??"]
[Round "?"]
[White "Chvojka, Jaroslav"]
[Black "Soudny, Jiri"]
[Result "0-1"]
[WhiteElo "2175"]
[BlackElo "2240"]
[PlyCount "88"]
[EventDate "2003.??.??"]
[EventType "corr"]
[EventRounds "1"]
[SourceDate "2005.10.25"]

1. d4 Nf6 2. Bg5 Ne4 3. Bf4 c5 4. f3 Qa5+ 5. c3 Nf6 6. Nd2 cxd4 7. Nb3 Qb6 8.
Qxd4 Nc6 9. Qxb6 axb6 10. Be3 b5 11. Nd4 Nxd4 12. Bxd4 e6 13. e4 b4 14. Bb5
bxc3 15. Bxc3 Be7 16. Ne2 O-O 17. O-O Bc5+ 18. Kh1 d5 19. Bxf6 gxf6 20. exd5
exd5 21. Rfd1 Rd8 22. Nd4 Kg7 23. a4 h5 24. Rd3 h4 25. Rad1 f5 26. f4 Be6 27.
Rh3 Rac8 28. Nxe6+ fxe6 29. Rxh4 Be3 30. Rf1 Rc2 31. Rh3 d4 32. b3 Rc3 33. Bc4
Rc8 34. Rg3+ Kf6 35. Rh3 Bxf4 36. Rxc3 dxc3 37. Rxf4 c2 38. Rf1 Rd8 39. Be2 Rd2
40. Bf3 Kg5 41. Rg1 e5 42. g4 Kf4 43. Rf1 Ke3 44. gxf5 Rf2 0-1

[Event "17MCR_PFB"]
[Site "?"]
[Date "2003.??.??"]
[Round "?"]
[White "Trcka, Vaclav"]
[Black "Hladecek, Miloslav"]
[Result "1/2-1/2"]
[WhiteElo "2125"]
[BlackElo "2240"]
[PlyCount "92"]
[EventDate "2003.??.??"]
[EventType "corr"]
[EventRounds "1"]
[SourceDate "2005.10.25"]

1. d4 Nf6 2. c4 e6 3. Nc3 d5 4. Bg5 Nbd7 5. e3 c6 6. Bd3 Qa5 7. Bh4 dxc4 8.
Bxc4 Qb4 9. Bb3 Nc5 10. Bxf6 Nxb3 11. axb3 gxf6 12. Nf3 Rg8 13. O-O Rg6 14. Qc2
Be7 15. Rfd1 Qb6 16. Nd2 Qc7 17. Nc4 Kf8 18. e4 a5 19. d5 exd5 20. exd5 Bh3 21.
g3 Bc5 22. d6 Qd8 23. Ne3 f5 24. Ne2 Bxe3 25. fxe3 Bg4 26. d7 Qe7 27. Rd3 Bxe2
28. Qxe2 Rd8 29. Qd2 b6 30. Rf1 Rf6 31. Rf4 c5 32. Rd5 Qe6 33. Rf1 Ke7 34. Rd1
Qe4 35. Rd3 h5 36. Rf1 Qe6 37. Rd1 h4 38. Qf2 Rg6 39. Rd5 hxg3 40. hxg3 Qe4 41.
Rxf5 f6 42. Rf4 Qe5 43. Qh2 Rg7 44. Qh3 Qe6 45. Qh4 Rxd7 46. Qxf6+ Qxf6 1/2-1/2

[Event "17MCR_PFB"]
[Site "?"]
[Date "2003.??.??"]
[Round "?"]
[White "Vaindl, Jaroslav"]
[Black "Jerabek, Zdenek"]
[Result "0-1"]
[WhiteElo "2325"]
[BlackElo "2255"]
[PlyCount "62"]
[EventDate "2003.??.??"]
[EventType "corr"]
[EventRounds "1"]
[SourceDate "2005.10.25"]

1. e4 c5 2. Nf3 d6 3. d4 cxd4 4. Nxd4 Nf6 5. Nc3 a6 6. f3 Qb6 7. Nb3 e6 8. g4
Nfd7 9. Qe2 Be7 10. g5 Qd8 11. f4 b5 12. a3 h6 13. Qh5 g6 14. Qh4 Bb7 15. Be3
Bf8 16. O-O-O Bg7 17. Qe1 hxg5 18. fxg5 Qc7 19. Nd4 Be5 20. h4 Nc6 21. Be2 b4
22. axb4 Nxb4 23. h5 gxh5 24. Kb1 Nc5 25. Rxh5 O-O-O 26. Rh6 Kb8 27. Bf3 Qa5
28. Rxh8 Rxh8 29. Bg1 Rh3 30. Qe3 Nc6 31. Qe2 Na4 0-1

[Event "17MCR_PFB"]
[Site "?"]
[Date "2003.??.??"]
[Round "?"]
[White "Lounek, Jan"]
[Black "Bares, Jiri"]
[Result "1-0"]
[WhiteElo "2320"]
[BlackElo "2255"]
[PlyCount "121"]
[EventDate "2003.??.??"]
[EventType "corr"]
[EventRounds "1"]
[SourceDate "2005.10.25"]

1. e4 e5 2. Nf3 Nc6 3. Bb5 a6 4. Ba4 b5 5. Bb3 Nf6 6. O-O Nxe4 7. d4 d5 8. dxe5
Be6 9. Nbd2 Nc5 10. c3 Nxb3 11. Nxb3 Be7 12. Nfd4 Qd7 13. Nxc6 Qxc6 14. Be3 O-O
15. f4 Qd7 16. Bc5 Rfe8 17. Bxe7 Qxe7 18. Qd4 f6 19. Rae1 f5 20. Rd1 a5 21. Qd3
c6 22. Nd4 Qd7 23. Rf3 a4 24. Rg3 Rac8 25. Rg5 h6 26. Rg3 Qf7 27. Rh3 Qg6 28.
Re1 Re7 29. Ree3 Qf7 30. Reg3 Kh7 31. Rg5 c5 32. Nxb5 Rd8 33. Nd6 Rxd6 34. exd6
Rd7 35. Qb5 Rb7 36. Qe2 d4 37. cxd4 cxd4 38. Qd2 Qf6 39. Rgg3 Bc4 40. Ra3 Bb5
41. Rhf3 Qxd6 42. h3 Qc5 43. Kh2 Re7 44. Rf2 Re4 45. b4 Qe7 46. Rg3 d3 47. a3
Qa7 48. Rgf3 Qd4 49. g4 fxg4 50. hxg4 Kg8 51. Rg3 Re6 52. Qb2 Qd8 53. g5 Re2
54. Rxe2 dxe2 55. Qc1 hxg5 56. Qe3 Kf7 57. fxg5 Qd5 58. Qf4+ Kg6 59. Re3 Qd7
60. Kg2 Bd3 61. Kf2 1-0

[Event "17MCR_PFB"]
[Site "?"]
[Date "2003.??.??"]
[Round "?"]
[White "Svajdler, Frantisek"]
[Black "Nejtek, Jiri"]
[Result "0-1"]
[WhiteElo "2280"]
[BlackElo "2265"]
[PlyCount "64"]
[EventDate "2003.??.??"]
[EventType "corr"]
[EventRounds "1"]
[SourceDate "2005.10.25"]

1. e4 c5 2. c3 d5 3. exd5 Qxd5 4. d4 Nf6 5. Nf3 Bg4 6. Be2 e6 7. h3 Bh5 8. O-O
Nc6 9. Be3 cxd4 10. cxd4 Be7 11. Nc3 Qd6 12. Qb3 O-O 13. Rfd1 Rfd8 14. Rac1 Qb4
15. Qxb4 Nxb4 16. g4 Bg6 17. Ne5 Nbd5 18. Bf3 Nxc3 19. bxc3 Be4 20. g5 Bxf3 21.
gxf6 Bxd1 22. fxe7 Re8 23. Rxd1 f6 24. Nd3 Rac8 25. d5 exd5 26. Nf4 Rxe7 27.
Nxd5 Re5 28. Bxa7 Ra8 29. Be3 Rxa2 30. c4 h6 31. Nb6 Re7 32. Nc8 Rc7 0-1

[Event "17MCR_PFB"]
[Site "?"]
[Date "2003.??.??"]
[Round "?"]
[White "Bares, Jiri"]
[Black "Svajdler, Frantisek"]
[Result "1/2-1/2"]
[WhiteElo "2255"]
[BlackElo "2280"]
[PlyCount "36"]
[EventDate "2003.??.??"]
[EventType "corr"]
[EventRounds "1"]
[SourceDate "2005.10.25"]

1. d4 Nf6 2. c4 e6 3. Nc3 Bb4 4. Qc2 O-O 5. a3 Bxc3+ 6. Qxc3 b6 7. Bg5 Bb7 8.
f3 h6 9. Bh4 d5 10. cxd5 exd5 11. Rc1 c6 12. e3 Re8 13. Bf2 c5 14. Bb5 Bc6 15.
Bd3 c4 16. Bc2 Qe7 17. Ne2 a5 18. O-O b5 1/2-1/2

[Event "17MCR_PFB"]
[Site "?"]
[Date "2003.??.??"]
[Round "?"]
[White "Jerabek, Zdenek"]
[Black "Lounek, Jan"]
[Result "1/2-1/2"]
[WhiteElo "2255"]
[BlackElo "2320"]
[PlyCount "128"]
[EventDate "2003.??.??"]
[EventType "corr"]
[EventRounds "1"]
[SourceDate "2005.10.25"]

1. e4 c5 2. Nf3 d6 3. d4 cxd4 4. Nxd4 Nf6 5. Nc3 a6 6. Bg5 e6 7. f4 Qb6 8. Qd2
Qxb2 9. Nb3 Qa3 10. Bxf6 gxf6 11. Be2 Nc6 12. O-O Bd7 13. Bh5 Bg7 14. Rad1 Rd8
15. Rf3 Bc8 16. Rg3 Rg8 17. f5 Ke7 18. Kh1 Qb4 19. Rf1 Qb6 20. Qf4 Rdf8 21. Qh4
Bh8 22. Be2 Rxg3 23. Qxg3 Qd8 24. Na4 b5 25. Nb2 Rg8 26. Qf2 Ne5 27. c4 Bb7 28.
cxb5 Bxe4 29. Bf3 Bxf3 30. gxf3 axb5 31. Nd4 Qb8 32. Nd1 Qc8 33. Nxb5 Qc5 34.
Ndc3 Qxf2 35. Rxf2 d5 36. f4 Nc6 37. Rf3 Bg7 38. fxe6 fxe6 39. Re3 Rd8 40. Nc7
Nd4 41. N7xd5+ Kf7 42. Nc7 f5 43. Kg2 Rb8 44. a4 Rb2+ 45. Kf1 Rb4 46. N3b5 Rxa4
47. Nxd4 Bxd4 48. Re2 Bf6 49. Nxe6 h6 50. Nc7 Rxf4+ 51. Kg2 Rd4 52. Kf3 Bg5 53.
Re5 Rd3+ 54. Ke2 Rd2+ 55. Kf3 Kg6 56. Re6+ Kh5 57. Re5 Rxh2 58. Rxf5 Rh3+ 59.
Kg2 Kg4 60. Rb5 Rg3+ 61. Kf2 Be3+ 62. Ke2 h5 63. Rb4+ Kh3 64. Rb3 Ba7 1/2-1/2

[Event "17MCR_PFB"]
[Site "?"]
[Date "2003.??.??"]
[Round "?"]
[White "Hladecek, Miloslav"]
[Black "Vaindl, Jaroslav"]
[Result "1-0"]
[WhiteElo "2240"]
[BlackElo "2325"]
[PlyCount "81"]
[EventDate "2003.??.??"]
[EventType "corr"]
[EventRounds "1"]
[SourceDate "2005.10.25"]

1. e4 e5 2. Nf3 Nf6 3. Nxe5 d6 4. Nf3 Nxe4 5. d4 d5 6. Bd3 Nc6 7. O-O Be7 8.
Nbd2 Nf6 9. c3 O-O 10. Re1 Bg4 11. Nf1 Re8 12. Bf4 Nh5 13. Bd2 Nf6 14. h3 Bh5
15. Ng3 Bg6 16. Bg5 Ne4 17. Bxe4 Bxg5 18. Bxg6 Rxe1+ 19. Nxe1 hxg6 20. Nd3 a5
21. a4 Qd6 22. Qg4 Bf6 23. h4 Ne7 24. h5 Rd8 25. Re1 Qc6 26. Re3 Re8 27. Nc5 b6
28. Nd7 Rd8 29. Nxf6+ Qxf6 30. hxg6 Qxg6 31. Qh4 Nc6 32. Nh5 Qh6 33. Qg4 Kf8
34. Nf4 Ne7 35. Rh3 Qf6 36. Rh8+ Ng8 37. Nd3 Qe6 38. Qh4 f6 39. Qh7 Qf7 40. b4
Ke7 41. Qh2 1-0